Datum a čas kvízu
24
Celkem bodů
Celkový počet nahraných bodů na tomto kvízu bez doplňovacích otázek.
5.
Pořadí na kvízu
Konečné umístění týmu na tomto kvízu.
Zaznamenané odpovědi
| # | Otázka | Odpověď | Body | Výsledky |
|---|---|---|---|---|
| 1. | Piráti připravili návrh, podle... | 1 | ||
| 2. | Podle čínského kalendáře vstou... | 1 | ||
| 3. | Známý britský herec a komik od... | 1 | ||
| 4. | Společnost Google minulý týden... | 0 | ||
| 5. | Trenér české hokejové reprezen... | 1 | ||
| 7. | Kterou barvou je na mapě vyzna... | 0 | ||
| 8. | Jak se slovy na V a K česky ří... | 0 | ||
| 9. | Jak se jmenuje jedna z největš... | 0 | ||
| 10. | Vzhledem k přírodním podmínkám... | 1 | ||
| 41. | Movember je celosvětová charit... | 0 |